Numismatique de la Terre Sainte (Record no. 164825)

MARC details
000 -LEADER
campo de control de longitud fija 00718nam a22001815i 4500
001 - NÚMERO DE CONTROL
campo de control 164825
003 - IDENTIFICADOR DE NÚMERO DE CONTROL
campo de control ES-MaACL
005 - FECHA Y HORA DE LA ÚLTIMA TRANSACCIÓN
campo de control 20250822235201.0
008 - DATOS DE LONGITUD FIJA--INFORMACIÓN GENERAL
campo de control de longitud fija 000811s1874 fr f |||| | fre d
040 ## - FUENTE DE CATALOGACIÓN
Centro catalogador/agencia de origen CCPB | B
Lengua de catalogación spa
Centro/agencia transcriptor CCPB | B
100 1# - ENTRADA PRINCIPAL--NOMBRE DE PERSONA
Nombre de persona Saulcy, F. de.
9 (RLIN) 132497
245 10 - MENCIÓN DEL TÍTULO
Título Numismatique de la Terre Sainte
Resto del título : description des monnaies autonomes et impériales de la palestine et de l'Arabie Pétrée /
Mención de responsabilidad, etc. ornée de 25 palnches gravées par L. Dardel.
260 ## - PUBLICACIÓN, DISTRIBUCIÓN, ETC.
Lugar de publicación, distribución, etc. Paris :
Nombre del editor, distribuidor, etc. J. Rothschild, editeur,
Fecha de publicación, distribución, etc. 1874 (
Fabricante typographic George Chamerot)
300 ## - DESCRIPCIÓN FÍSICA
Extensión XV, 406 p., XXV h. de grab. ;
Dimensiones 28 cm.
650 #7 - PUNTO DE ACCESO ADICIONAL DE MATERIA--TÉRMINO DE MATERIA
Término de materia o nombre geográfico como elemento de entrada Numismática
Fuente del encabezamiento o término embne
9 (RLIN) 15648
852 ## - LOCALIZACIÓN
Ubicación ES-MaACL
Número de control de estantería G-7755
Nota libre -- Enc. hol.
Holdings
Estatus retirado Estado de pérdida Estado de daño No para préstamo Colección Biblioteca de origen Biblioteca actual Ubicación en estantería Fecha de adquisición Fuente de adquisición Total de préstamos Signatura topográfica completa Código de barras Visto por última vez Precio de reemplazo Tipo de ítem Koha
        Libros del s. XIX Biblioteca del Ateneo de Madrid Biblioteca del Ateneo de Madrid Sala Pecera Planta 3 17/01/2008     G-7755 1172784 23/02/2023 23/02/2023 Libro impreso antiguo